000 00954nam a22002657i 4500
003 URS
856 _3Online Request for Student Unpublished Works
_uhttps://forms.gle/7LqvGGkaDrUQqz429
999 _c75934
_d75933
005 20240416181636.0
008 201215b ||||| |||| 00| 0 eng d
041 _aeng
043 _aa-ph---
050 1 4 _aLB2825
_b.C1981 2019
100 _aCampo, Nicole John Z,
_eauthor
245 _aImplementation of the government assistance to students and teachers
260 _cJune 2019
300 _a239 leaves :
_billustrations ;
_c28 cm
336 _2rda content
_atext
337 _2rda media
_aunmediated
338 _2rda carrier
_avolume
502 _aThesis
_bMaster of Arts in Education major Educational Management
_cUniversity of Rizal System-Morong
_d2019
650 0 _aEducation--Philippines--Finance
650 0 _aGovernment aid to education--Philippines
700 _aTrinidad, Aurora F.
_edegree supervisor
942 _2lcc
_cT